000 00330 a2200157 4500
001 61202
020 _a9788501081674
040 _cAnchieta - Pituba
100 _aKinsella, Sophie
240 1 0 _aLembra de mim?
_lpor
245 1 0 _aLembra de mim?
300 _a399
362 0 _a2009
650 4 _aFicção inglesa
942 _cBK
999 _c61202
_d61202